| 000 | 00549nam a2200169 i 4500 | ||
|---|---|---|---|
| 001 | 22324 | ||
| 003 | ES-MaACL | ||
| 005 | 20230906152656.0 | ||
| 007 | t| | ||
| 008 | 021202s1971 sp ||||1| spa d | ||
| 100 | 1 |
_aAldea Eguilaz, Raimundo. _919621 |
|
| 245 | 1 | 4 |
_aDivulgación de los fueros navarros / _cRaimundo Aldea Eguilaz. |
| 260 |
_a[Pamplona : _bDiputación Foral de Navarra], _c1971. |
||
| 300 |
_aVIII p., 342 p. ; _c21 cm. |
||
| 710 | 1 |
_aNavarra (Comunidad Autónoma). _bDiputación Foral. _95984 |
|
| 852 |
_aES-MaACL _jC-48267 _bR.78753 |
||
| 999 |
_c22324 _d22324 |
||